The London Plan published (Record no. 70582)

MARC details
000 -LEADER
fixed length control field 01315cam a2200289 4500
001 - CONTROL NUMBER
control field WB3823-12
008 - FIXED-LENGTH DATA ELEMENTS--GENERAL INFORMATION
fixed length control field 020626n2002 000 0 eng u
035 ## - SYSTEM CONTROL NUMBER
System control number (Sirsi) u118537
245 #4 - TITLE STATEMENT
Title The London Plan published
260 ## - PUBLICATION, DISTRIBUTION, ETC.
Date of publication, distribution, etc. 2002
490 ## - SERIES STATEMENT
Series statement Greater London Authority News Release
Volume/sequential designation 19 June 2002
490 ## - SERIES STATEMENT
Series statement Inside Housing
Volume/sequential designation 21 June 2002, 4
490 ## - SERIES STATEMENT
Series statement Planning (for the Natural and Built Environment)
Volume/sequential designation 21 June 2002, 2(6)
520 ## - SUMMARY, ETC.
Summary, etc. The Mayor of London, Ken Livingstone, has published his plan for London, emphasising the link between planning and health. The plan aims to make London a model sustainable world city, more dense and compact, within existing green belt land. However the targets set for housing may be too low to meet projected demand. The draft London Plan is available from +44 (0)20 7983 4100 or from http://www.london.gov.uk/approot/mayor/strategies/sds/index.jsp Press release http://www.london.gov.uk/approot/view_press_release.jsp?releaseid=1214
590 ## - LOCAL NOTE (RLIN)
Local note WB
650 ## - SUBJECT ADDED ENTRY--TOPICAL TERM
Topical term or geographic name entry element LONDON
650 ## - SUBJECT ADDED ENTRY--TOPICAL TERM
Topical term or geographic name entry element DEVELOPMENT PLANS
650 ## - SUBJECT ADDED ENTRY--TOPICAL TERM
Topical term or geographic name entry element HEALTH
650 ## - SUBJECT ADDED ENTRY--TOPICAL TERM
Topical term or geographic name entry element HOUSING
650 ## - SUBJECT ADDED ENTRY--TOPICAL TERM
Topical term or geographic name entry element URBAN REGENERATION
650 ## - SUBJECT ADDED ENTRY--TOPICAL TERM
Topical term or geographic name entry element TRANSPORT
650 ## - SUBJECT ADDED ENTRY--TOPICAL TERM
Topical term or geographic name entry element PLANNING
650 ## - SUBJECT ADDED ENTRY--TOPICAL TERM
Topical term or geographic name entry element URBAN DEVELOPMENT
650 ## - SUBJECT ADDED ENTRY--TOPICAL TERM
Topical term or geographic name entry element SUSTAINABLE CITIES
690 ## - LOCAL SUBJECT ADDED ENTRY--TOPICAL TERM (OCLC, RLIN)
Topical term or geographic name as entry element DEVELOPMENT-SUSTAINABLE
942 ## - ADDED ENTRY ELEMENTS (KOHA)
Suppress in OPAC 0
Holdings
Withdrawn status Lost status Source of classification or shelving scheme Damaged status Not for loan Home library Current library Shelving location Date acquired Total Checkouts Full call number Barcode Date last seen Copy number Price effective from Koha item type
    Dewey Decimal Classification     London London News article 26/06/2002   WB3823-12 118537-1001 06/08/2019 1 06/08/2019 News article